000 00587nam a2200241Ia 4500
003 OSt
005 20220918174337.0
006 a|||||r|||| 00| 0
007 ta
008 220917b |||||||| |||| 00| 0 eng d
024 _a11,691
037 _cTextual
040 _aARTS
_cARTS
_beng
041 _2eng
_aeng
082 _a/\:3, L6
100 _aPandit M P
_922657
245 0 _aDynamics of Yoga
260 _aPondichery
_bDipti
_c1976
300 _a182p.
_ccm.
650 _aSPIRITUALISM
942 _h/\:3, L6
_cTEXL
_2CC
999 _c152779
_d152779